Представление документа в формате RUSMARC

ПолеНазваниеЗначение
  Тип записи a
  Библиографический уровень a
001 Контрольный номер RU/CBS_UL/BASE/2ef2faa959544852ac35647eb582ab0f
005 Дата корректировки 20260304143045.8
100 Данные общей обработки __
a Данные общей обработки 20260304 ||| 0rusy0189 ca
101 Язык документа 0_
a Язык текста rus
102 Страна публикации __
a Страна публикации RU
200 Заглавие и сведения об ответственности 1_
a Заглавие "Будим" семена морозом
e Сведения, относящиеся к заглавию [стратификация семян]
f Первые сведения об ответственности Ю. Оксенюк
300 Общие примечания __
a Общие примечания 12+
461 Уровень набора _0
1 2000
a Дачный клуб
463 Уровень физической единицы _0
1 2000
a № 12
v С. 34-35 : фото
1 2101
d 2025
1 001RU/CBS_UL/BASE/b85fa3fd5ea54327a3e65054cb67b607
606 Тематические рубрики 0_
a Основная рубрика Семена
610 Ключевые слова 0_
a Ключевые слова семена
610 Ключевые слова 0_
a Ключевые слова стратификация семян
610 Ключевые слова 0_
a Ключевые слова прорастание семян
610 Ключевые слова 0_
a Ключевые слова предпосевная обработка семян
686 Индексы других классификаций __
2 Код системы rubbk
a Классификационный индекс 41.37
700 Автор _1
a Фамилия Оксенюк
b Имя (инициалы) Ю.
801 Источник записи _0
a Страна RU
b Организация МБУК ЦБС г. Ульяновска
c Дата составления 20260304
g Правила каталогизации RCR
801 Источник записи _1
a Страна RU
b Организация МБУК ЦБС г. Ульяновска
c Дата составления 20260304
g Правила каталогизации RCR
901 Тип документа __
t Тип документа b
w Контрольный № источника RU/CBS_UL/BASE/b85fa3fd5ea54327a3e65054cb67b607
909 Создатель записи __
a Создатель записи lib2